Girl Scout USA Cookies - Statistics

General Stats
  • This quiz has been taken 632 times
    339 since last reset
  • The average score is 4 of 11
Answer Stats
Girl Scout Cookies % Correct
Thin Mints
96%
Samoas
78%
Tagalongs
66%
Trefoils
58%
Do-Si-Dos
47%
Lemonades
26%
Savannah Smiles
23%
Thanks-A-Lots
14%
Rah-Rah Raisins
3%
Thank U Berry Munch
2%
Cranberry Citrus Crisps
1%
No matching quizzes found
Score Distribution
Percent of People with Each Score
Percentile by Number Answered
Your Score History
You have not taken this quiz since the last reset